LEADER 00794nam a2200217 u 4500 001 991004416228107536 005 20260129101358.0 008 260119s1978 it r 001 0 ita 040 $aBibl. Dip.le Aggr. Studi Umanistici - Sez. Filosofia$bita 100 1 $aEisler, Hanns$0482670 245 10$aCon Brecht /$cHanns Eisler ; intervista di Hans Bunge ; a cura di Luca Lombardi 260 $aRoma :$bEditori riuniti,$c1978 300 $a375 p. ;$c20 cm. 490 0 $aInterventi ;$v11 500 $aIn copertina: L'incontro di due grandi protagonisti della cultura tra le due guerreTraduzione di Luca Lombardi. 650 0$aMusica$ySec. 20. Brecht, Bertolt 700 1 $aLombardi, Luca 700 1 $aBunge, Hans 912 $a991004416228107536 996 $aCon Brecht$91670775 997 $aUNISALENTO